000 00417nam a2200169Ia 4500
008 230524s9999 xx 000 0 und d
020 _a9789351199250
082 _bRAO
100 _aR. Nageswara Rao
_942570
245 0 _aCore Java : An Integrated Approach
250 _a1
260 _aNew Delhi
_bDreamtech
_c2016
300 _a"XXI,683p;"
500 _aQuantity Number: 1
650 _aComp-Sc
942 _cBK
999 _c57531
_d57531